ARRUPE JESUIT UNIVERSITY

CORONAVIRUS -STOP THE SPREAD - CLEAN,DISINFECT,COVER

Getting together : (Record no. 121097)

MARC details
000 -LEADER
fixed length control field 00796pam a2200253 a 4500
001 - CONTROL NUMBER
control field 2908802
003 - CONTROL NUMBER IDENTIFIER
control field ARRUPE
005 - DATE AND TIME OF LATEST TRANSACTION
control field 20141007120302.0
008 - FIXED-LENGTH DATA ELEMENTS--GENERAL INFORMATION
fixed length control field 880216s1988 mau 000 0 eng
010 ## - LIBRARY OF CONGRESS CONTROL NUMBER
LC control number 88000747
020 ## - INTERNATIONAL STANDARD BOOK NUMBER
International Standard Book Number 0395470994 :
Terms of availability $17.95
040 ## - CATALOGING SOURCE
Original cataloging agency DLC
Transcribing agency DLC
Modifying agency DLC
050 00 - LIBRARY OF CONGRESS CALL NUMBER
Classification number BF637.N4
Item number F58 1988
082 00 - DEWEY DECIMAL CLASSIFICATION NUMBER
Classification number 158/.5
Edition number 19
300 ## - PHYSICAL DESCRIPTION
Dimensions 22 cm.
100 1# - MAIN ENTRY--PERSONAL NAME
Personal name Fisher, Roger,
Dates associated with a name 1922-2012.
9 (RLIN) 12088
245 10 - TITLE STATEMENT
Title Getting together :
Remainder of title building a relationship that gets to yes /
Statement of responsibility, etc by Roger Fisher and Scott Brown.
260 ## - PUBLICATION, DISTRIBUTION, ETC. (IMPRINT)
Place of publication, distribution, etc Boston :
Name of publisher, distributor, etc Houghton Mifflin,
Date of publication, distribution, etc 1988.
300 ## - PHYSICAL DESCRIPTION
Extent xv, 216 p. ;
650 #0 - SUBJECT ADDED ENTRY--TOPICAL TERM
Topical term or geographic name as entry element Negotiation.
9 (RLIN) 12089
650 #0 - SUBJECT ADDED ENTRY--TOPICAL TERM
Topical term or geographic name as entry element Interpersonal relations.
9 (RLIN) 12090
700 1# - ADDED ENTRY--PERSONAL NAME
Personal name Brown, Scott.
9 (RLIN) 12091
906 ## - LOCAL DATA ELEMENT F, LDF (RLIN)
a 7
b cbc
c orignew
d 1
e ocip
f 19
g y-gencatlg
942 ## - ADDED ENTRY ELEMENTS (KOHA)
Source of classification or shelving scheme Library of Congress Classification
Koha item type Monograph ( Printed materials)
Holdings
Withdrawn status Lost status Source of classification or shelving scheme Damaged status Not for loan Collection code Home library Current library Shelving location Date acquired Total Checkouts Full call number Barcode Date last seen Price effective from Koha item type
    Library of Congress Classification     Main Collection ARRUPE LIBRARY ARRUPE LIBRARY Main Collection 07/10/2014   BF637.N4 F58 1988 46500001366 12/09/2016 07/10/2014 Monograph ( Printed materials)

 

Arrupe Library. PO Box MP320 Mt Pleasant, Harare, Zimbabwe
263 242 745411|librarian@aju.ac.zw